书目信息 |
| 题名: |
与时间战
|
|
| 作者: | 冯硕 著 | |
| 分册: | ||
| 出版信息: | 银川 阳光出版社 2021.3 |
|
| 页数: | 192 | |
| 开本: | 21cm | |
| 丛书名: | ||
| 单 册: | ||
| 中图分类: | I227 | |
| 科图分类: | ||
| 主题词: | 诗集--中国--当代 | |
| 电子资源: | ||
| ISBN: | 978-7-5525-5793-0 | |
| 000 | 00977nam0 2200229 450 | |
| 001 | 0100028573 | |
| 005 | 20211025120205.0 | |
| 010 | @a978-7-5525-5793-0@dCNY42.00 | |
| 100 | @a20210325d2021 em y0chiy0110 ea | |
| 101 | 0 | @achi |
| 102 | @aCN@b640000 | |
| 105 | @ay z 000yy | |
| 106 | @ar | |
| 200 | 1 | @a与时间战@9yu shi jian zhan@f冯硕著 |
| 210 | @a银川@c阳光出版社@d2021.3 | |
| 215 | @a192@d21cm | |
| 330 | @a《与时间战》是一本诗集,选取了90后诗人冯硕的诗歌118首。全书共分七辑,多角度记录了从他少年清颜,心有琥珀;到青年奋发,心有猛虎的心路过程。其中有年少时的轻狂与流浪,有求学时的人事与风景,有对当下和未来的速描和畅想,更有这两三年的写作过程中对自己的拷问和在文学路上的感悟。每辑相对独立又和主题“与时间战”共存,把他成长的过程诗意化、抽象化。不仅给自己以慰藉,更给正在处于这个阶段的年轻人一种指向、一种力量。 | |
| 606 | 0 | @a诗集@y中国@z当代 |
| 690 | @aI227@v5 | |
| 701 | 0 | @a冯硕@9feng shuo@4著 |
| 801 | 0 | @aCN@c20210909 |
| 905 | @a河南城建学院图书馆@dI227@eF516 | |
| 与时间战/冯硕著.-银川:阳光出版社,2021.3 |
| 192;21cm |
| ISBN 978-7-5525-5793-0:CNY42.00 |
| 《与时间战》是一本诗集,选取了90后诗人冯硕的诗歌118首。全书共分七辑,多角度记录了从他少年清颜,心有琥珀;到青年奋发,心有猛虎的心路过程。其中有年少时的轻狂与流浪,有求学时的人事与风景,有对当下和未来的速描和畅想,更有这两三年的写作过程中对自己的拷问和在文学路上的感悟。每辑相对独立又和主题“与时间战”共存,把他成长的过程诗意化、抽象化。不仅给自己以慰藉,更给正在处于这个阶段的年轻人一种指向、一种力量。 |
| ● |
| 相关链接 |
|
|
|
正题名:与时间战
索取号:I227/F516
 
预约/预借
| 序号 | 登录号 | 条形码 | 馆藏地/架位号 | 状态 | 备注 |
| 1 | 1546679 | 215466797 | 文学库108/108文学库 18排4列4层/ [索取号:I227/F516] | 在馆 | |
| 2 | 1546680 | 215466804 | 文学库108/108文学库 18排4列4层/ [索取号:I227/F516] | 在馆 |